000 00759nam a2200193 i 4500
001 164536
003 ES-MaACL
005 20231229063049.0
008 950206s1869 sp |||| | spa d
080 _a342.511.1(460)
100 1 _aSánchez, Miguel,
_d1833-1889
_9102411
245 1 3 _aEl derecho a la corona :
_bcarta al Sr. D. Antonio Aparisi y Guijarro /
_cpor Miguel Sánchez.
260 _aMadrid :
_b[s.n.],
_c1869 (
_fEstab. Tip. de R. Vicente)
300 _a68 p. ;
_c18 cm.
651 4 _aEspaña-
_xReyes y soberanos-
_xSucesión.
_9156094
852 4 _aES-MaACL
_jT-109-F-4
_z- Enc. hol.
_z- Enc. en un vol. facticio
852 4 _aES-MaACL
_jT-116-F-1
_z- Enc. hol.
_z- Enc. en un vol. facticio
999 _c164536
_d164536